The Meteorological magazine
ISBN:
0026-1149
Descripción Física:
28 pàgs. ; 22 cm ; periodicitat: mensual
Idioma:
English
MARC
| LEADER | 00000nas a2200000 a 4500 | ||
|---|---|---|---|
| 001 | 28110 | ||
| 003 | AGDB | ||
| 005 | 20260324180144.0 | ||
| 008 | 160829s1920-1940 xx 000 0 cat d | ||
| 020 | |a 0026-1149 | ||
| 040 | |a agdb |b cat | ||
| 041 | |a eng | ||
| 080 | |a Revistes | ||
| 245 | 4 | |a The Meteorological magazine | |
| 246 | |a Symons's meteorological magazine |i Continuació de: | ||
| 247 | |a Symons's meteorological magazine | ||
| 260 | |a Londres : |b His Majesty's Stationery Office ; |c 1920-1940 | ||
| 300 | |a 28 pàgs. ; |c 22 cm ; |b periodicitat: mensual | ||
| 500 | |a Descripció basada en: Vol. 65, núm. 773 (June 1930). | ||
| 500 | |a Inclou la notícia d'Eduard Fontserè sobre el trasllat de les restes de Frederic Faura i Prat des de Manila a Artés. | ||
| 590 | |a Prové de 4195, exp. 63 | ||
| 650 | |a Meteorologia |x Revistes |9 48012 | ||
| 866 | |a 1930 (65, núm. 773) | ||
| 901 | |a Arxiu | ||
| 942 | |n 1 |2 udc |c REV | ||
| 952 | |0 0 |1 0 |4 0 |6 REV2232 |7 1 |9 54273 |a Arxiu |b Arxiu |d 2023-08-01 |h Vol. 65, Núm. 773 (June 1930) |o Rev-2232 |p 28110 |r 2016-12-01 00:00:00 |w 2016-12-01 |y ARXIU | ||
| 999 | |c 58142 |d 58142 | ||
| 655 | |a Revistes |9 55823 | ||